000
00382nam a22001697a 4500
003
MPLRDC
005
20220104142910.0
008
210129b ||||| |||| 00| 0 eng d
082
_a
177 CLG
100
_a
查理高著
245
_a
人性学
_c
260
_a
_b
水牛出版社
_c
1979
300
_b
平
490
_a
心理卫生丛书;15
650
_a
942
_c
BK
_o
177 CLG
999
_c
34680
_d
34670